[Event "Voronezh Rating op 06"]
[Site "Voronezh"]
[Date "2014.06.03"]
[Round "4"]
[White "Shestakov, Alexander"]
[Black "Leun, Victor"]
[Result "0-1"]
[WhiteElo "1872"]
[BlackElo "1849"]
[PlyCount "94"]
[EventDate "2014.05.30"]
[EventType "swiss"]
[EventRounds "7"]
[EventCountry "RUS"]
[SourceTitle "EXT 2015"]
[Source "ChessBase"]
[SourceDate "2014.11.20"]
[SourceVersion "1"]
[SourceVersionDate "2014.11.20"]
[SourceQuality "1"]

1. f4 d5 2. b3 Nf6 3. Nf3 g6 4. Bb2 Bg7 5. e3 0-0 6. Be2 Nbd7 7. Ne5 Nxe5 8. fxe5 Nd7 9. d4 e6 10. Nd2 f6 11. Bg4 f5 12. Be2 Qg5 13. Nf3 Qxg2 14. Rg1 Qh3 15. Rg3 Qh6 16. Bc1 Bh8 17. e4 Qg7 18. exd5 exd5 19. Ng5 Nxe5 20. dxe5 Qxe5 21. Rb1 f4 22. Nf3 Qe4 23. Rg5 Bf5 24. Ba3 Rfe8 25. Kf1 Bh3+ 26. Kg1 Qxe2 27. Qxd5+ Qe6 28. Rd1 Qxd5 29. Rgxd5 Bf6 30. Bc1 Bg4 31. Kf2 Bxf3 32. Kxf3 g5 33. c4 Red8 34. Kg4 Rxd5 35. cxd5 Kg7 36. h4 h6 37. Ba3 Rd8 38. Kf5 Re8 39. Bc5 Re5+ 40. Kg4 Re2 41. hxg5 hxg5 42. Bxa7 Rxa2 43. Bc5 Kg6 44. d6 cxd6 45. Bxd6 Rg2+ 46. Kf3 Rg3+ 47. Ke4 Rxb3 0-1